00850 a2200169 45000010006000000050017000060080041000230030015000640400040000790800140001192450050002592640126003093000019004355050176004541000023006307000027006535934920260407155847.0260407a1982 arg spa dAR-UNSa-BCEJYS aAR-UNSa-BCEJYSbspacAR-UNSa-BCEJYS a338.2(8)xPolítica económica. Control de la economía. gestión de la economía. planificación económica en América Latina10aCompras estatales e integración económica 1aBuenos Aires :bBID/INTAL (Banco Interamericano de Desarrollo. Instituto para la integración de América Latina)c1982 a274 p.c23 cm. a1. El poder de compra del sector público latinoamericano – 2. Análisis comparativo de las regulaciones nacionales – 3. Regulaciones regionales e internacionales - 1 aOndarts, Guillermo1 aCorrea, Carlos María